Name Every PGA Tour Event 2024 - Statistics

General Stats
  • This quiz has been taken 113 times
  • The average score is 14 of 39
Answer Stats
Hint Answer % Correct
Major The Masters Tournament
90%
Major U.S. Open
86%
Major The Open Championship
79%
Major PGA Championship
74%
The Players Championship
73%
Playoffs BMW Championship
62%
Signature Event Arnold Palmer Invitational
56%
Playoffs TOUR Championship
55%
Signature Event The Sentry
52%
Signature Event RBC Heritage
44%
Farmers Insurance Open
42%
Sony Open
41%
Valspar Championship
40%
Signature Event The Genesis Invitational
37%
Valero Texas Open
37%
Genesis Scottish Open
36%
Signature Event Travelers Championship
34%
Signature Event AT&T Pebble Beach Pro-Am
33%
Playoffs FedEx St. Jude Championship
33%
Signature Event the Memorial Tournament
32%
John Deere Classic
30%
Rocket Mortgage Classic
30%
The American Express
27%
Signature Event Wells Fargo Championship
27%
WM Phoenix Open
26%
3M Open
25%
Mexico Open
23%
RBC Canadian Open
21%
Wyndham Championship
21%
Houston Open
19%
Zurich Classic of New Orleans
19%
Puerto Rico Open
18%
The CJ Cup
18%
Barracuda Championship
16%
Charles Schwab Challenge
15%
Cognizant Classic
14%
Myrtle Beach Classic
7%
Corales Puntacana Championship
5%
Kentucky Championship
3%
No matching quizzes found
Score Distribution
Percent of People with Each Score
Percentile by Number Answered
Your Score History
You have not taken this quiz